Petri Lombardi Novariensis, Episcopi Parisiensis, Sententiarum libri quatuor. (Registro nro. 18321)

000 -CABECERA
Campo de control de longitud fija 01647nam a22002417a 4500
001 - NÚMERO DE CONTROL
Campo de control BH32816
003 - IDENTIFICADOR DEL NÚMERO DE CONTROL
Campo de control ES-SlBCS
005 - FECHA Y HORA DE LA ÚLTIMA TRANSACCIÓN
Campo de control 20260424074654.0
008 - CÓDIGOS DE INFORMACIÓN DE LONGITUD FIJA
Campo de control de longitud fija 260424s1754 be lat
040 ## - FUENTE DE LA CATALOGACIÓN
Centro catalogador del origen ES-SlBCS
Lengua de catalogación spa
041 ## - CÓDIGO DE LENGUA
Código de lengua del texto/banda sonora o título independiente lat
100 1# - PUNTO DE ACCESO PRINCIPAL-NOMBRE DE PERSONA
Nombre de persona Petrus Lombardus,
Títulos y otros términos asociados al nombre Obispo de París
9 (RLIN) 4464
Fechas asociadas al nombre (¿1095?-1160)
245 10 - MENCIÓN DE TÍTULO
Título Petri Lombardi Novariensis, Episcopi Parisiensis, Sententiarum libri quatuor.
Resto del título Quibus author ille in divinis Scripturis exercitatissimus, universae Theologiae summam, ex Orthodoxorum Patrum Decretis, atque Sententiis mirabili compendio & arte complexus est: et jure optimo Magister Sententiarum meruerit cognominari.
Mención de responsabilidad, etc. Per Joannem Aleaume, Parisiens. Theologiae Professorem, pristino suo nitori nunc primùm vere restituti: et Indicibus, ac numeris Authorum Libros et Capita monstrantibus, quam fidelissimè absoluti. Ad calcem operis subjiciuntur articuli erronei Parisiis jam olim damnati, atque ab eorum assertoribus recantati: Adjectis nonnullis ipsius Magistri, in quibus communiter non approbatur. Accessit etiam recens tabula in primum Sententiarum librum F. Roberti Wiarti Cruciferi Sacrae Theologiae Baccalaurei.
260 0# - PUBLICACIÓN, DISTRIBUCIÓN, ETC... (PIE DE IMPRENTA)
Lugar de publicación, distribución, etc. Antverpiae :
Nombre del editor, distribuidor, etc. Sumptibus Marci-Michael. Bousquet & Socior.
Fecha de publicación, distribución, etc. , 1754
300 ## - DESCRIPCIÓN FÍSICA
Extensión XXXVIII, 685 p., 1 h. pleg.
Dimensiones 4º (23 cm)
500 ## - NOTA GENERAL
Nota general Cabeceras e iniciales grabadas
500 ## - NOTA GENERAL
Nota general Portada en dos tintas<br/>
505 ## - NOTA DE CONTENIDO CON FORMATO
Nota de contenido con formato RUBRICAE Libri Primi 3 Libri Secundi 179 Libri Tertii 322 Libri Quarti 431
561 ## - NOTA DE PROCEDENCIA
Procedencia Convento de Jerez
650 ## - PUNTO DE ACCESO ADICIONAL DE MATERIA-TÉRMINO DE MATERIA
Término de materia o nombre geográfico como elemento inicial Teólogos medievales
Subdivisión de forma Sentencias P. Lombardo
Subdivisión de materia general Obras anteriores a 1800
9 (RLIN) 4465
752 ## - PUNTO DE ACCESO ADICIONAL-NOMBRE JERÁRQUICO DE LUGAR
País o entidad superior Bélgica
Ciudad Amberes
942 ## - ENTRADA DE ELEMENTOS AGREGADOS (KOHA)
Fuente de clasificaión o esquema
Koha [por defecto] tipo de item Libro Antiguo
Existencias
Suprimido Perdido Fuente de clasificación o esquema Estropeado No para préstamo Localización permanente Localización actual Fecha adquisición Préstamos totales Signatura completa Número de Registro / Código de Barras Fecha última consulta Fecha del precio de reemplazo Tipo de item de Koha
          Biblioteca Histórica Biblioteca Histórica 24/04/2026   S.XVIII-15124 BH32816 24/04/2026 24/04/2026 Libro Antiguo

Bibliotecas Dominicos Provincia Hispania, 2016

Con tecnología Koha